000 02314nam a22003734504500
003 PE-LiUPU
005 20260326151827.0
008 250701s2025 pe 000 0 spa d
020 _a9786123226169
035 _aPE-LiUPU000006
040 _aPE-LiUPU
_bspa
_cPE-LiUPU
_erda
041 0 _aspa
082 0 4 _a657.0218
_bV494u
_220
100 1 _aVergara Silva, Mario Miguel,
_eautor.
_98222
245 1 0 _aUS GAAP :
_bManual de normas contables americanas : aplicable para empresas en el Perú emitidas por el FASB /
_cMario Miguel Vergara Silva.
250 _aPrimera edición.
264 1 _aLima :
_bInstituto Pacífico S.A.C.,
_c2025.
300 _a495 páginas :
_bilustraciones ;
_c24 cm
336 _atext
_2rdacontent
337 _aunmediated
_2rdamedia
338 _avolume
_2rdacarrier
504 _aIncluye bibliografía.
505 _aAntecedentes y aplicación de los US GAAP en el Perú – Orígenes de los Principios de Contabilidad Generalmente Aceptados – Instituto Americano de Contadores Públicos Certificados (American Institute of Certified Public Accountants, AICPA) – Consejos de Normas Internacionales de Contabilidad (International Accounting Standards Board, IASB) -- Declaraciones sobre normas de contabilidad financiera emitidas por el FASB vigentes hasta el 2009 -- Codificación de normas de contabilidad emitidas por el FASB vigentes a partir del 2009 – Principios generales – Presentación – Activos – Pasivo – Patrimonio – Ganancia – Gastos – Transacciones amplias – Industria -- Principios contables generalmente aceptados americanos emitidos por el FASB aplicables para empresas peruanas.
520 _aManual que desarrolla las normas contables americanas US GAAP y su aplicación en el contexto peruano, incluyendo el análisis de las normas emitidas por el FASB y su evolución normativa.
650 1 4 _aContabilidad
_xNormas
_zPerú
_98287
650 2 4 _aPrincipios de contabilidad generalmente aceptados (Estados Unidos)
_98292
650 2 4 _aEstados financieros
_xNormas
_93708
650 4 _aUS GAAP.
650 4 _aEstados financieros
_xNormas.
_93708
651 4 _aPerú
_xContabilidad.
710 _aInstituto Pacífico S.A.C. (Lima)
_eeditor.
_91605
942 _2ddc
_cBK
980 _618228
_aHugo Fernandez
_818226
_gJaime Vilcazán Jefe de Análisis Documental
999 _c63348
_d63347